[Event "HUN-chT2 Barcza 1718"]
[Site "Hungary"]
[Date "2018.02.18"]
[Round "8.3"]
[White "Toth, Tamas3333"]
[Black "Debreceni, Mate"]
[Result "0-1"]
[WhiteElo "1947"]
[BlackElo "2039"]
[PlyCount "100"]
[EventDate "2017.09.24"]
[EventType "team-tourn"]
[EventRounds "11"]
[EventCountry "HUN"]
[SourceTitle "EXT 2021"]
[Source "ChessBase"]
[SourceDate "2020.10.23"]
[SourceVersion "1"]
[SourceVersionDate "2020.10.23"]
[SourceQuality "1"]
[WhiteTeam "Hajduboszormeny"]
[BlackTeam "Debrecen Sakkbaratok"]
[WhiteTeamCountry "HUN"]
[BlackTeamCountry "HUN"]

1. e4 e5 2. Nf3 Nc6 3. Bb5 Bc5 4. 0-0 Nf6 5. c3 0-0 6. d4 Bb6 7. Re1 d6 8. h3 Ne7 9. Be3 Ng6 10. Nbd2 c6 11. Bf1 Qe7 12. dxe5 dxe5 13. Bxb6 axb6 14. Nc4 Rd8 15. Qc2 b5 16. Nb6 Rb8 17. a4 b4 18. cxb4 Qxb4 19. a5 Be6 20. Ra4 Qe7 21. Qc3 Nd7 22. b4 c5 23. Nxd7 Bxd7 24. b5 f6 25. a6 bxa6 26. Rxa6 Nf4 27. Rc1 Qe8 28. Rb1 Qg6 29. Nxe5 Qxg2+ 30. Bxg2 Ne2+ 31. Kh2 Nxc3 32. Nxd7 Rxd7 33. Rb3 Ne2 34. Rb2 Nd4 35. b6 c4 36. Ra3 Rdb7 37. Bf1 c3 38. Rxc3 Rxb6 39. Rd2 Nc6 40. Rd7 Ne5 41. Rdc7 Rb4 42. f4 Rb1 43. Bg2 Ng6 44. Kg3 R1b3 45. Rxb3 Rxb3+ 46. Kg4 h5+ 47. Kf5 Nh4+ 48. Ke6 Nxg2 49. e5 Nxf4+ 50. Kf5 fxe5 0-1

[Event "HUN-chT2 Toth 1213"]
[Site "Hungary"]
[Date "2013.02.17"]
[Round "7.5"]
[White "Debreceni, Mate"]
[Black "Lorinczy, Laszlo"]
[Result "1-0"]
[WhiteElo "1888"]
[BlackElo "1915"]
[PlyCount "121"]
[EventDate "2012.09.16"]
[EventType "team-tourn"]
[EventRounds "11"]
[EventCountry "HUN"]
[SourceTitle "EXT 2014"]
[Source "ChessBase"]
[SourceDate "2013.11.20"]
[SourceVersion "1"]
[SourceVersionDate "2013.11.20"]
[SourceQuality "1"]
[WhiteTeam "Debrecen Sakkbaratok"]
[BlackTeam "Abony"]
[WhiteTeamCountry "HUN"]
[BlackTeamCountry "HUN"]

1. e4 e6 2. d4 d5 3. Nc3 Nf6 4. e5 Nfd7 5. f4 a6 6. Nf3 c5 7. Be3 Nc6 8. Be2 cxd4 9. Nxd4 Nxd4 10. Bxd4 Bc5 11. 0-0 Bxd4+ 12. Qxd4 Qb6 13. Qxb6 Nxb6 14. Bd3 g6 15. Nd1 Bd7 16. Ne3 h5 17. c4 dxc4 18. Bxc4 Ke7 19. Rfd1 Bc6 20. Rd6 Rhd8 21. Rad1 Rxd6 22. Rxd6 Rd8 23. Rxd8 Kxd8 24. Bb3 Ke7 25. Kf2 Nd7 26. g3 Nc5 27. Bc2 b5 28. b4 Nd7 29. Nf1 Nb6 30. Nd2 Bd5 31. a3 Nd7 32. Ne4 Bxe4 33. Bxe4 Kd8 34. Bb7 Nb8 35. Ke3 Kc7 36. Bf3 Nd7 37. Kd4 Nb6 38. Be2 Nd5 39. Bd1 Nb6 40. Bb3 Nd7 41. a4 Kb6 42. a5+ Kc6 43. h3 Kc7 44. g4 hxg4 45. hxg4 Nb8 46. Bc2 Nc6+ 47. Kc5 Ne7 48. Be4 Nc8 49. Bc6 Ne7 50. Be8 Nd5 51. f5 gxf5 52. gxf5 Nf4 53. Bxf7 Nd3+ 54. Kd4 Nxb4 55. Bxe6 Nc6+ 56. Kd5 Nxa5 57. f6 Kd8 58. Kd6 Nb7+ 59. Kc6 Na5+ 60. Kc5 Ke8 61. Bd5 1-0

[Event "HUN-chT2 Maroczy 1011"]
[Site "Hungary"]
[Date "2011.04.17"]
[Round "9"]
[White "Debreceni, Mate"]
[Black "Hevesi, Zoltan"]
[Result "0-1"]
[WhiteElo "1875"]
[BlackElo "2079"]
[PlyCount "106"]
[EventDate "2010.09.12"]
[EventType "team-tourn"]
[EventRounds "11"]
[EventCountry "HUN"]
[SourceTitle "EXT 2012"]
[Source "ChessBase"]
[SourceDate "2011.11.24"]
[SourceVersion "1"]
[SourceVersionDate "2011.11.24"]
[SourceQuality "1"]
[WhiteTeam "Debrecen SBE"]
[BlackTeam "Fuzesabony"]
[WhiteTeamCountry "HUN"]
[BlackTeamCountry "HUN"]

1. e4 c6 2. d4 d5 3. exd5 cxd5 4. c4 Nf6 5. Nc3 Nc6 6. Bg5 e6 7. c5 Be7 8. Bb5 Bd7 9. Bxc6 bxc6 10. Nf3 Rb8 11. Rb1 0-0 12. 0-0 Ne8 13. Bxe7 Qxe7 14. Qa4 Rb7 15. Qa6 Rc7 16. b4 Bc8 17. Qe2 Nf6 18. a4 a6 19. Rfe1 Rd8 20. Qc2 Bd7 21. Ne5 Rb8 22. Rb2 Be8 23. Qe2 Rcb7 24. Reb1 Ra8 25. f3 Nh5 26. b5 axb5 27. axb5 cxb5 28. Nxb5 f6 29. Nd3 Bg6 30. Nd6 Rxb2 31. Rxb2 Ra1+ 32. Kf2 h6 33. Rb7 Qd8 34. Qxe6+ Kh7 35. Nf5 Qa5 36. Rb8 Qd2+ 37. Qe2 Qxe2+ 38. Kxe2 Bxf5 39. g4 Bxd3+ 40. Kxd3 Ra3+ 41. Kd2 Nf4 42. Rb4 Ra7 43. Ke3 Ne6 44. Rb3 Re7 45. Kd3 Kg6 46. h4 Kf7 47. Rb6 Nc7 48. Rb7 Ne6 49. Rb6 Ra7 50. Rb4 Ke7 51. Ke3 Ra3+ 52. Kf2 Kd7 53. Kg3 Rd3 0-1